| 000 | 00412 a2200145 4500 | ||
|---|---|---|---|
| 005 | 20250522153834.0 | ||
| 020 | _a978-0-7506-8718-8 | ||
| 082 | _a510 ALL | ||
| 100 | _aALLAN, W . | ||
| 245 | _aFundamentals of Business Mathematics : CIMA Certificate in Business Accounting | ||
| 260 |
_aAmsterdam, _bElsevier Ltd, _c2008. |
||
| 300 |
_axxi, 206p.: ill.; table, _c29cm. |
||
| 700 | _aAVIS, J. | ||
| 942 |
_2ddc _cBKS |
||
| 999 |
_c2547 _d2547 |
||